Manual del azúcar de caña Para fabricantes de azúcar de caña y químicos especializados

Bibliographic Details
Main Author: Chen, James C.P
Format: Section = Libro
Language:Undetermined
Spanish
Published: México Limusa 1999
Subjects:
LEADER 00756nam a2200229Ia 4500
008 240830s9999 xx 000 0 und d
020 |a 968-18-3662-6 
040 |a CEDOC FIQ-RUSB / 664.122 Ch518 
041 |a spa 
082 |a 664.122 Ch518 
100 1 |a Chen, James C.P 
245 1 0 |a Manual del azúcar de caña Para fabricantes de azúcar de caña y químicos especializados 
260 |a México  |b Limusa  |c 1999 
300 |a 1200 p. : il 
650 7 |a AZUCAR DE CAÑA - MANUAL 
650 7 |b  PROCESOS DE FABRICACION DE LA CAÑA 
650 7 |c  EXTRACCION Y PURIFICACION 
650 7 |d  CRISTALIZACION - PRODUCCION DE CAÑA 
650 7 |e  PRUEBAS, ANALISIS, CONTROLES DE CALIDAD, CAÑA DE AZUCAR 
942 |c BK  |2 ddc 
991 |a TEXTO 
999 |c 13171